Účetnictví rozpočtových organizací

Enregistré dans:
Détails bibliographiques
Auteur principal: Nováková, Štěpánka
Format: Livre
Langue:tchèque
Publié: Praha Vysoká škola ekonomická 1982
Tags: Ajouter un tag
Pas de tags, Soyez le premier à ajouter un tag!

MARC

LEADER 00000nam a2200000 4500
001 c134113
005 20061208110257.2
041 0 |a cze 
044 |a CZ 
245 1 0 |a Účetnictví rozpočtových organizací  |c Štěpánka Nováková 
264 1 |a Praha  |b Vysoká škola ekonomická  |c 1982 
300 |a 116 s. 
100 1 |a Nováková, Štěpánka